Matrix,finite element,computer and structural analysis / (Record no. 3990)

000 -LEADER
fixed length control field 00456nam a22001577a 4500
008 - FIXED-LENGTH DATA ELEMENTS--GENERAL INFORMATION
fixed length control field 200709b ||||| |||| 00| 0 eng d
020 ## - INTERNATIONAL STANDARD BOOK NUMBER
International Standard Book Number 8120402057
082 00 - DEWEY DECIMAL CLASSIFICATION NUMBER
Classification number 624.171
Item number M9539
100 ## - MAIN ENTRY--PERSONAL NAME
9 (RLIN) 3297
Personal name Mukhopadhayay, Madhujit
245 10 - TITLE STATEMENT
Title Matrix,finite element,computer and structural analysis /
250 ## - EDITION STATEMENT
Edition statement 2nd ed.
260 ## - PUBLICATION, DISTRIBUTION, ETC. (IMPRINT)
Place of publication, distribution, etc Calcutta
Name of publisher, distributor, etc Oxford
Date of publication, distribution, etc 1987
300 ## - PHYSICAL DESCRIPTION
Extent xvi, 382 p.
650 #0 - SUBJECT ADDED ENTRY--TOPICAL TERM
Topical term or geographic name as entry element Structural Analysis
942 ## - ADDED ENTRY ELEMENTS (KOHA)
Item type Books
Holdings
Withdrawn status Lost status Source of classification or shelving scheme Damaged status Not for loan Permanent location Current location Date acquired Full call number Barcode Date last seen Koha item type
          IMU Kolkata IMU Kolkata 2020-07-09 624.171 M9539 07228 2020-07-09 Books
          IMU Kolkata IMU Kolkata 2020-08-04 624.171 M9539 07927 2020-08-04 Books
Designed and Maintained by IMU-KC Library, Kolkata Campus © Copyright All Rights Reserved

webs counters

Powered by Koha